000 00616nam a2200217Ia 4500
003 OSt
005 20221005115305.0
006 a|||||r|||| 00| 0
007 ta
008 221004b |||||||| |||| 00| 0 eng d
024 _a112222
037 _cTextual
040 _aCRL
_cCRL
_beng
041 _2eng
_aeng
082 _aa12:3164:M8, F8.7
100 _aMuqtadir Maulvi Abdul
_9627362
245 0 _aCatalogue of Persian manuscripts in the Oriental Public Library at Bankipore
260 _c1921
942 _ha12:3164:M8, F8.7
_cTEXL
_2cc
999 _c1034016
_d1034016